| 000 | 00438nam a22001577a 4500 | ||
|---|---|---|---|
| 003 | OSt | ||
| 008 | 200711b ||||| |||| 00| 0 eng d | ||
| 082 | _a615.19 HAP | ||
| 100 | _aHajare, Ashok A | ||
| 245 | _aPractical Book of Physical Pharmaceutical -1 | ||
| 250 | _a2018 | ||
| 260 |
_aNew Delhi _bNirali |
||
| 300 | _a59 | ||
| 650 | _aPharmaceutics- Drug Delivery Systems,Pharmaceutical Engineering regulraty Science | ||
| 942 |
_2ddc _cBK |
||
| 999 |
_c8810 _d8810 |
||